Addressing race-based stress in theraphy with black client : using multicultural and dialectical behavior theraphy techniques / Monica M. Johnson, Michelle L. Melton. (Record no. 22369)
| 000 -LEADER | |
|---|---|
| fixed length control field | 00592nam a22001577a 4500 |
| 020 ## - INTERNATIONAL STANDARD BOOK NUMBER | |
| ISBN | 9780429441059 |
| 082 ## - DEWEY DECIMAL CLASSIFICATION NUMBER | |
| Classification number | 616.890089 |
| 100 ## - MAIN ENTRY--AUTHOR NAME | |
| Personal name | Johnson, Monica M., author |
| 245 ## - TITLE STATEMENT | |
| Title | Addressing race-based stress in theraphy with black client : using multicultural and dialectical behavior theraphy techniques / Monica M. Johnson, Michelle L. Melton. |
| 260 ## - PUBLICATION, DISTRIBUTION, ETC. (IMPRINT) | |
| Place of publication | New York, N.Y. : |
| Name of publisher | Routledge, |
| Year of publication | c2020. |
| 300 ## - PHYSICAL DESCRIPTION | |
| Number of Pages | 220 pages : |
| Other physical details | illustrations. |
| 500 ## - GENERAL NOTE | |
| General note | Includes bibliographical references and index. |
| 650 ## - SUBJECT ADDED ENTRY--TOPICAL TERM | |
| Topical Term | Behavior theraphy |
| 700 ## - ADDED ENTRY--PERSONAL NAME | |
| Personal name | Melton, MIchelle L. |
| 942 ## - ADDED ENTRY ELEMENTS (KOHA) | |
| Koha item type | Electronic Books |
| Source of acquisition | Permanent Location | Date acquired | Collection code | Koha item type | Lost status | Shelving location | Withdrawn status | Current Location | Full call number |
|---|---|---|---|---|---|---|---|---|---|
| Donation | Cagayan State University - Carig Library | 2026-04-14 | E-Books | Electronic Books | E-Resource Section | Cagayan State University - Carig Library | 616.890089 2020 | ||
| Donation | Cagayan State University - Carig Library | 2026-04-14 | E-Books | Electronic Books | E-Resource Section | Cagayan State University - Carig Library | 616.890089 2020 |